| 000 | 00748nam a22002177a 4500 | ||
|---|---|---|---|
| 005 | 20140310183634.0 | ||
| 008 | 131123b xxu||||| |||| 00| 0 eng d | ||
| 020 | _a9780415871013 | ||
| 050 |
_aLB 3430 _b.B74 2012 |
||
| 100 | _aBrent, Shawna S. | ||
| 245 |
_aA guide to psychiatric services in schools : _bunderstanding roles, treatment, and collaboration / _cShawna S. Brent. |
||
| 260 |
_aNew York, NY : _bBrunner-Routledge, _c2012. |
||
| 300 |
_a298 p. ; _c23 cm. + _eCD-ROM (4 3/4 in.). |
||
| 504 | _aIncludes Bibliographic References and Index. | ||
| 521 | _aPSYCH | ||
| 650 |
_aStudents _xMental health services. |
||
| 650 | _aChild psychiatry. | ||
| 650 | _aMental Health Services. | ||
| 942 |
_2lcc _cBK _kFOR |
||
| 999 |
_c25677 _d25677 |
||